000 00505nam a2200181Ia 4500
001 9628
005 20260306161732.0
008 260306t2005||||xx |||||||||||||| ||spa||
041 _aESP
082 _a382.92
_bM61
100 _aMindreau Montero, Manuel
_eAUT
245 0 _aDel Gatt a la Omc (1947-2005):
_bla economía política internacional del sistema multilateral de comercio
260 _c2005
300 _a467 páginas :
_c23 cm.
650 _aGEN
654 _aCAN
942 _cLIB
_dJUS
_fJUS
_2ddc
_n
999 _c9628
_d9628